000 00328pab a2200145 454500
008 180718b1983 xxu||||| |||| 00| 0 eng d
100 _aSrivastava, Vinay
245 _aRethinking charisma
260 _c1983
300 _a27-43
362 _aDec.
650 _aLeadership
773 _aIndian Anthropoligist
909 _a12400
999 _c12400
_d12400